Java and SOAP /(E-BOOK) (Record no. 191543)
[ view plain ]
| 000 -LEADER | |
|---|---|
| fixed length control field | 01362 a2200289 4500 |
| 003 - CONTROL NUMBER IDENTIFIER | |
| control field | Nust |
| 005 - DATE AND TIME OF LATEST TRANSACTION | |
| control field | 20170207154018.0 |
| 010 ## - LIBRARY OF CONGRESS CONTROL NUMBER | |
| LC control number | 2002023322 |
| 020 ## - INTERNATIONAL STANDARD BOOK NUMBER | |
| International Standard Book Number | 0596001754 (pbk.) |
| 035 ## - SYSTEM CONTROL NUMBER | |
| System control number | (DLC) 2002023322 |
| 035 ## - SYSTEM CONTROL NUMBER | |
| System control number | (DLC)1232 |
| 040 ## - CATALOGING SOURCE | |
| Transcribing agency | Nust |
| 082 00 - DEWEY DECIMAL CLASSIFICATION NUMBER | |
| Classification number | 005.276 |
| 100 1# - MAIN ENTRY--PERSONAL NAME | |
| Personal name | Englander, Robert. |
| 245 10 - TITLE STATEMENT | |
| Title | Java and SOAP /(E-BOOK) |
| Statement of responsibility, etc. | Robert Englander. |
| 250 ## - EDITION STATEMENT | |
| Edition statement | 1st ed. |
| 260 ## - PUBLICATION, DISTRIBUTION, ETC. | |
| Place of publication, distribution, etc. | Sebastopol, CA : |
| Name of publisher, distributor, etc. | O'Reilly, |
| Date of publication, distribution, etc. | c2002. |
| 300 ## - PHYSICAL DESCRIPTION | |
| Extent | xv, 258 p. : |
| Other physical details | ill. ; |
| Dimensions | 24 cm. |
| 500 ## - GENERAL NOTE | |
| General note | Includes index. |
| 505 ## - FORMATTED CONTENTS NOTE | |
| Formatted contents note | Chapter 1. Introduction (Page-7) Chapter 2. The SOAP Message (Page-14) Chapter 3. SOAP Data Encoding (Page-29)Chapter 4. RPC-Style Services. (Page-47) Chapter 5. Working with Complex Data Types (Page-85) Chapter 6. Custom Serialization (Page-113) Chapter 7. Faults and Exceptions (Page-136) Chapter 8. Alternative Techniques. (Page-147) Chapter 9. SOAP Interoperability and WSDL (Page-170) Chapter 10. SOAP Headers . (Page-202)Chapter 11. JAX-RPC and JAXM (Page-213 |
| 650 #0 - SUBJECT ADDED ENTRY--TOPICAL TERM | |
| Topical term or geographic name entry element | Internet programming. |
| 650 #0 - SUBJECT ADDED ENTRY--TOPICAL TERM | |
| Topical term or geographic name entry element | Java (Computer program language) |
| 650 #0 - SUBJECT ADDED ENTRY--TOPICAL TERM | |
| Topical term or geographic name entry element | Object-oriented programming (Computer science) |
| 650 #0 - SUBJECT ADDED ENTRY--TOPICAL TERM | |
| Topical term or geographic name entry element | Simple Object Access Protocol (Computer network protocol) |
| 651 ## - SUBJECT ADDED ENTRY--GEOGRAPHIC NAME | |
| Geographic name | Java and SOAP /(E-BOOK) |
| 856 42 - ELECTRONIC LOCATION AND ACCESS | |
| Materials specified | Publisher description |
| Uniform Resource Identifier | <a href="http://www.loc.gov/catdir/enhancements/fy0715/2002023322-d.html">http://www.loc.gov/catdir/enhancements/fy0715/2002023322-d.html</a> |
| 942 ## - ADDED ENTRY ELEMENTS (KOHA) | |
| Source of classification or shelving scheme | |
| Koha item type | Book |
| Withdrawn status | Lost status | Source of classification or shelving scheme | Damaged status | Not for loan | Collection code | Permanent Location | Current Location | Date acquired | Total Checkouts | Full call number | Barcode | Date last seen | Price effective from | Koha item type |
|---|---|---|---|---|---|---|---|---|---|---|---|---|---|---|
| Military College of Signals (MCS) | Military College of Signals (MCS) | 12/12/2016 | 005.72 ENG | MCSEB-144 | 12/08/2016 | 12/12/2016 | Book |
